000 00934nam a22003377a 4500
001 BR7603311
003 BR-BrBNA
005 20230928085022.0
007 ta
008 230509b bl.||||| |||| 00| 0 por d
040 _aBR-BrBNA
_bpor
_cBiblioteca Nacional de Agricultura
041 _a(Por)
072 _aF60; F22; F25
_b3801
_b3866
090 _ 3801 BR7603311
100 1 _aMalavolta, E.
245 1 _aManual de quimica agricola. Nutricao de plantas e fertilidade do solo
260 3 _aSao Paulo, SP (Brasil):
_bEd. Agronomica Ceres,
_c1976.
300 _a528 p.
650 _aMACROELEMENTO
650 _aMICROELEMENTO
650 _aSOLO
650 _aNUTRICAO VEGETAL
650 _aABSORCAO
650 _aANALISE DO SOLO
650 _aEXIGENCIA NUTRICIONAL
650 _aDEFICIENCIA NUTRICIONAL
650 _aFERTILIDADE DO SOLO
650 _aSOLO
909 _a202309
_bLucia
_c55
_dLucia Elande
942 _cBK
999 _c22411
_d22411